| 000 | 00659cam a22002413a 4500 | ||
|---|---|---|---|
| 001 | 18270 | ||
| 003 | PGUSA | ||
| 005 | 20140828083405.0 | ||
| 008 | 060427s2006||||xxu|||||s|||||000 | eng d | ||
| 040 |
_aPGUSA _beng |
||
| 042 | _adc | ||
| 050 | 4 | _aBX | |
| 100 | 1 |
_aCapel, T. J. _q(Thomas John), _d1836-1911 |
|
| 245 | 1 | 0 |
_aConfession and Absolution _h[electronic resource] / _cT. J. Capel |
| 260 |
_bProject Gutenberg, _c2006 |
||
| 506 | _aPublic domain in the USA. | ||
| 516 | _aElectronic text | ||
| 653 | _aConfession | ||
| 653 | _aAbsolution | ||
| 830 | 0 |
_aProject Gutenberg _v18270 |
|
| 856 | 4 | 0 | _uhttp://www.gutenberg.org/ebooks/18270 |
| 942 | _cEB | ||
| 999 |
_c247525 _d247525 |
||